Priniciples of physical geography (Record no. 25533)

MARC details
000 -LEADER
fixed length control field 00286nam a2200109Ia 4500
082 ## - DEWEY DECIMAL CLASSIFICATION NUMBER
Classification number 911.2
Item number MON
100 ## - MAIN ENTRY--AUTHOR NAME
Personal name Monkhouse, F J
245 #0 - TITLE STATEMENT
Title Priniciples of physical geography
260 ## - PUBLICATION, DISTRIBUTION, ETC. (IMPRINT)
Place of publication London
Name of publisher Hodder and Stoughton
Year of publication 1975
942 ## - ADDED ENTRY ELEMENTS (KOHA)
Koha item type Books
Holdings
Withdrawn status Lost status Damaged status Not for loan Home library Current library Date acquired Cost, normal purchase price Full call number Accession Number Koha item type
        RRII Library RRII Library 16/12/2021 4.25 911.2 MON 06190 Books